[Event "DEN-chT 2223 60th"]
[Site "Denmark"]
[Date "2023.03.25"]
[Round "8.3"]
[White "Seegert, Kristian"]
[Black "Christensen, Thomas"]
[Result "1-0"]
[WhiteElo "2211"]
[BlackElo "2187"]
[PlyCount "107"]
[EventDate "2022.10.29"]
[EventType "team-tourn"]
[EventRounds "9"]
[EventCountry "DEN"]
[SourceTitle "CBM 213 Extra"]
[Source "ChessBase"]
[SourceDate "2023.05.31"]
[SourceVersion "1"]
[SourceVersionDate "2023.05.31"]
[SourceQuality "1"]
[WhiteTeam "BMS"]
[BlackTeam "Copenhagen 68"]
[WhiteTeamCountry "DEN"]
[BlackTeamCountry "DEN"]

1. e4 c5 2. Nf3 d6 3. d4 cxd4 4. Nxd4 Nf6 5. Nc3 a6 6. Bg5 e6 7. f4 Qb6 8. Nb3 Nbd7 9. Qf3 Be7 10. 0-0-0 Qc7 11. g4 b5 12. a3 Bb7 13. Bg2 Rc8 14. Qe2 Nb6 15. Rd3 Nc4 16. Kb1 h6 17. Bh4 g5 18. Bg3 gxf4 19. Bxf4 Nd7 20. h4 Nde5 21. Rdh3 Qb6 22. g5 b4 23. axb4 Qxb4 24. Na2 Qb5 25. Nc3 Qb6 26. gxh6 a5 27. Nd1 a4 28. Nc1 Ba6 29. Qf2 Qb4 30. Na2 Qb7 31. Bg5 Rb8 32. Qd4 f6 33. Bc1 Nc6 34. Qc3 e5 35. Bf1 N6a5 36. Rg1 d5 37. exd5 Rc8 38. Rg7 Qxd5 39. Rd3 Qh1 40. Be2 Na3+ 41. Qxa3 Bxa3 42. Bh5+ Kf8 43. Rf7+ Ke8 44. Rh7+ Kf8 45. Rxh8+ Ke7 46. Rh7+ Ke6 47. Bf7+ Kf5 48. Ne3+ Kf4 49. Rxa3 Nc6 50. Rg7 e4 51. h7 Rh8 52. Bd5 Bb5 53. Rg4+ Ke5 54. Rxe4+ 1-0

[Event "DEN-chT 2122 59th"]
[Site "Denmark"]
[Date "2022.02.27"]
[Round "7.1"]
[White "Christensen, Thomas"]
[Black "Greger, Roland Reinhard"]
[Result "1/2-1/2"]
[WhiteElo "2197"]
[BlackElo "2277"]
[PlyCount "81"]
[EventDate "2021.10.30"]
[EventType "team-tourn"]
[EventRounds "9"]
[EventCountry "DEN"]
[SourceTitle "EXT 2023"]
[Source "ChessBase"]
[SourceDate "2022.10.05"]
[SourceVersion "1"]
[SourceVersionDate "2022.10.05"]
[SourceQuality "1"]
[WhiteTeam "Copenhagen 68"]
[BlackTeam "Bronshoj"]
[WhiteTeamCountry "DEN"]
[BlackTeamCountry "DEN"]

1. d4 Nf6 2. Bf4 d6 3. e3 g6 4. h3 Bg7 5. Nf3 c5 6. c3 Qb6 7. Qc1 0-0 8. Nbd2 Bf5 9. Be2 cxd4 10. exd4 Nc6 11. 0-0 Rac8 12. Nc4 Qd8 13. Ne3 Be6 14. Qd2 Nd5 15. Nxd5 Bxd5 16. Rfd1 Qa5 17. Bh6 Rfd8 18. h4 e5 19. h5 f6 20. Bxg7 Kxg7 21. h6+ Kg8 22. Qe3 Bf7 23. dxe5 dxe5 24. Nd2 Qc7 25. Ne4 Qe7 26. g3 b6 27. Ba6 Rxd1+ 28. Rxd1 Rd8 29. Rxd8+ Nxd8 30. b3 Be6 31. Qd3 Nf7 32. Bc4 f5 33. Bxe6 Qxe6 34. Ng5 Nxg5 35. Qd8+ Kf7 36. Qxg5 Qd5 37. Qe3 Ke6 38. c4 Qd1+ 39. Kg2 Qc2 40. Qf3 Kf6 41. Qd5 1/2-1/2

[Event "DEN-chT 2122 59th"]
[Site "Denmark"]
[Date "2021.10.31"]
[Round "2.3"]
[White "Christensen, Thomas"]
[Black "Ostergaard, Jens"]
[Result "1/2-1/2"]
[WhiteElo "2197"]
[BlackElo "2230"]
[PlyCount "31"]
[EventDate "2021.10.30"]
[EventType "team-tourn"]
[EventRounds "9"]
[EventCountry "DEN"]
[SourceTitle "CBM 204 Extra"]
[Source "ChessBase"]
[SourceDate "2021.11.30"]
[SourceVersion "1"]
[SourceVersionDate "2021.11.30"]
[SourceQuality "1"]
[WhiteTeam "Copenhagen 68"]
[BlackTeam "Hillerod"]
[WhiteTeamCountry "DEN"]
[BlackTeamCountry "DEN"]

1. d4 Nf6 2. c4 e6 3. Nc3 c5 4. d5 exd5 5. cxd5 d6 6. e4 g6 7. Bd3 Bg7 8. h3 0-0 9. Nf3 a6 10. a4 Nh5 11. 0-0 Nd7 12. Bg5 Bf6 13. Bh6 Bg7 14. Bg5 Bf6 15. Bh6 Bg7 16. Bg5 1/2-1/2

[Event "DEN-chT 2122 59th"]
[Site "Denmark"]
[Date "2021.10.30"]
[Round "1.1"]
[White "Kakulidis, Ellen"]
[Black "Christensen, Thomas"]
[Result "1-0"]
[WhiteElo "2054"]
[BlackElo "2197"]
[PlyCount "103"]
[EventDate "2021.10.30"]
[EventType "team-tourn"]
[EventRounds "9"]
[EventCountry "DEN"]
[SourceTitle "CBM 204 Extra"]
[Source "ChessBase"]
[SourceDate "2021.11.30"]
[SourceVersion "1"]
[SourceVersionDate "2021.11.30"]
[SourceQuality "1"]
[WhiteTeam "Obro"]
[BlackTeam "Copenhagen 68"]
[WhiteTeamCountry "DEN"]
[BlackTeamCountry "DEN"]

1. d4 Nf6 2. g3 c5 3. d5 d6 4. Nc3 g6 5. Bg2 Bg7 6. Nh3 0-0 7. 0-0 a6 8. a4 e5 9. e4 Nbd7 10. f3 Rb8 11. Qe2 Qc7 12. Nf2 Re8 13. Nfd1 Nh5 14. Ne3 Bh6 15. Ng4 Bxc1 16. Rfxc1 Nhf6 17. Ne3 Nf8 18. a5 Bd7 19. b3 Nh5 20. Nc4 f5 21. exf5 Bxf5 22. Ne4 Rbd8 23. Qe3 Bxe4 24. fxe4 Qd7 25. Rf1 Re7 26. Qg5 Rde8 27. Rf2 Kg7 28. Raf1 h6 29. Qe3 Nh7 30. h3 N7f6 31. Kh2 Nh7 32. h4 g5 33. Bh3 g4 34. Bg2 Rf8 35. Rxf8 Nxf8 36. Rf5 Nf6 37. Rxf6 Kxf6 38. Qxh6+ Ng6 39. h5 Rg7 40. hxg6 Rxg6 41. Qf8+ Kg5 42. Qf2 Rf6 43. Qd2+ Kh5 44. Ne3 Qg7 45. Nf5 Qc7 46. Kg1 c4 47. Bf1 Qc5+ 48. Kh1 Rxf5 49. exf5 cxb3 50. cxb3 e4 51. b4 Qc8 52. Qf4 1-0

[Event "Titled Tuesday intern op 12th May"]
[Site "Chess.com INT"]
[Date "2020.05.12"]
[Round "8"]
[White "Hadzimanolis, Antonios"]
[Black "Christensen, Thomas"]
[Result "1/2-1/2"]
[WhiteElo "2214"]
[BlackElo "2197"]
[PlyCount "109"]
[EventDate "2020.05.12"]
[EventType "swiss (blitz)"]
[EventRounds "10"]
[EventCountry "USA"]
[SourceTitle "EXT 2021"]
[Source "ChessBase"]
[SourceDate "2020.10.23"]
[SourceVersion "1"]
[SourceVersionDate "2020.10.23"]
[SourceQuality "1"]

1. e4 e5 2. Nf3 d5 3. exd5 e4 4. Qe2 Nf6 5. Nc3 Be7 6. Nxe4 0-0 7. d3 Nxd5 8. Be3 f5 9. Nc3 Bb4 10. a3 Bxc3+ 11. bxc3 Nxc3 12. Qd2 Nd5 13. c4 Nxe3 14. fxe3 Nc6 15. Be2 f4 16. exf4 Nd4 17. 0-0 Bg4 18. Nxd4 Qxd4+ 19. Kh1 Bf5 20. Rab1 Rab8 21. Rb5 c6 22. Re5 Rbd8 23. Qe3 Qxe3 24. Rxe3 Rfe8 25. Rxe8+ Rxe8 26. Rf2 Re3 27. g4 Bxd3 28. Bxd3 Rxd3 29. Rb2 b6 30. c5 b5 31. a4 a6 32. axb5 axb5 33. Kg2 Rc3 34. Rd2 Rxc5 35. Rd7 b4 36. Rb7 Rc4 37. Kf3 c5 38. f5 Rc3+ 39. Ke4 Rc4+ 40. Ke5 Rxg4 41. Rb5 h6 42. Rxc5 Rh4 43. Rb5 Rxh2 44. Rb8+ Kh7 45. Rxb4 Re2+ 46. Kf4 Re1 47. Rb7 Re2 48. Kg4 Re1 49. f6 Rg1+ 50. Kh5 Rg5+ 51. Kh4 Rg6 52. fxg7 Rxg7 53. Rxg7+ Kxg7 54. Kh5 Kh7 55. Kh4 1/2-1/2

[Event "Titled Tuesday intern op 12th May"]
[Site "Chess.com INT"]
[Date "2020.05.12"]
[Round "5"]
[White "Skuhala, Jernej"]
[Black "Christensen, Thomas"]
[Result "1-0"]
[WhiteElo "2163"]
[BlackElo "2197"]
[PlyCount "96"]
[EventDate "2020.05.12"]
[EventType "swiss (blitz)"]
[EventRounds "10"]
[EventCountry "USA"]
[SourceTitle "EXT 2021"]
[Source "ChessBase"]
[SourceDate "2020.10.23"]
[SourceVersion "1"]
[SourceVersionDate "2020.10.23"]
[SourceQuality "1"]

1. e4 e5 2. Nf3 d5 3. Nxe5 Bd6 4. d4 dxe4 5. Nc3 Bxe5 6. dxe5 Qxd1+ 7. Nxd1 Nc6 8. Bb5 Bd7 9. Nc3 0-0-0 10. Bg5 Re8 11. 0-0-0 Nxe5 12. Bxd7+ Nxd7 13. Rhe1 f5 14. Rd5 h6 15. Be3 Ne7 16. Ra5 a6 17. Nd5 Nxd5 18. Rxd5 g6 19. h4 Rhf8 20. Bxh6 Rf7 21. Red1 Nf6 22. R5d4 Rd7 23. Bg5 Rxd4 24. Rxd4 Ng4 25. f3 exf3 26. gxf3 Nh2 27. Rd3 b6 28. Kd1 Nf1 29. Bf4 Rh8 30. Rc3 c5 31. Ke2 Rxh4 32. Be5 Rh1 33. b4 Kb7 34. bxc5 bxc5 35. Rxc5 Nh2 36. Rc7+ Kb6 37. Rh7 Rc1 38. Rxh2 Rxc2+ 39. Kd3 Rxh2 40. Bxh2 Kc5 41. Bf4 Kd5 42. Bg5 a5 43. f4 Kc5 44. Kc3 a4 45. Bh6 a3 46. Bf8+ Kd5 47. Bxa3 g5 48. fxg5 f4 1-0

[Event "Titled Tuesday intern op 5th May"]
[Site "Chess.com INT"]
[Date "2020.05.05"]
[Round "2"]
[White "Christensen, Thomas"]
[Black "Miroshnik, Ekaterina"]
[Result "0-1"]
[WhiteElo "2197"]
[BlackElo "2139"]
[PlyCount "72"]
[EventDate "2020.05.05"]
[EventType "swiss (blitz)"]
[EventRounds "10"]
[EventCountry "USA"]
[SourceTitle "EXT 2021"]
[Source "ChessBase"]
[SourceDate "2020.10.23"]
[SourceVersion "1"]
[SourceVersionDate "2020.10.23"]
[SourceQuality "1"]

1. d4 d6 2. e4 Nd7 3. Nc3 e5 4. f4 Ngf6 5. dxe5 dxe5 6. f5 Be7 7. Nf3 c6 8. Bc4 Qb6 9. Qe2 0-0 10. Be3 Qxb2 11. 0-0 Qxc3 12. Bd2 Qa3 13. Ng5 b5 14. Bb3 a5 15. g4 a4 16. Bxf7+ Rxf7 17. Nxf7 Kxf7 18. g5 Ng8 19. Qh5+ Kf8 20. Qxh7 Qc5+ 21. Kh1 Qxc2 22. f6 Ndxf6 23. gxf6 Bxf6 24. Bb4+ c5 25. Rac1 Qxc1 26. Rxc1 cxb4 27. Rc7 b3 28. Qh5 Be6 29. axb3 a3 30. Qd1 a2 31. Qd6+ Ne7 32. Qxe6 a1Q+ 33. Kg2 Ra2+ 34. Kh3 Qf1+ 35. Kg4 Rg2+ 36. Kh5 Qf3+ 0-1

[Event "Titled Tuesday intern op 5th May"]
[Site "Chess.com INT"]
[Date "2020.05.05"]
[Round "3"]
[White "Kepeshchuk, Mykhaylo"]
[Black "Christensen, Thomas"]
[Result "1-0"]
[WhiteElo "2269"]
[BlackElo "2197"]
[PlyCount "131"]
[EventDate "2020.05.05"]
[EventType "swiss (blitz)"]
[EventRounds "10"]
[EventCountry "USA"]
[SourceTitle "EXT 2021"]
[Source "ChessBase"]
[SourceDate "2020.10.23"]
[SourceVersion "1"]
[SourceVersionDate "2020.10.23"]
[SourceQuality "1"]

1. Nf3 Nc6 2. g3 e5 3. d3 d6 4. c4 f5 5. Bg2 Nf6 6. 0-0 Be7 7. Nc3 0-0 8. Rb1 Qe8 9. Nd5 Nxd5 10. cxd5 Nd8 11. Qc2 c5 12. dxc6 bxc6 13. b4 Bd7 14. b5 Rc8 15. bxc6 Bxc6 16. Qb3+ Kh8 17. Be3 f4 18. Bxa7 Qh5 19. Rfc1 Nf7 20. Qe6 Bf6 21. Rc4 Rce8 22. Qh3 Qxh3 23. Bxh3 Bxf3 24. exf3 Ng5 25. Bg2 d5 26. Rc7 Rc8 27. Rbc1 Rxc7 28. Rxc7 h6 29. h4 Ne6 30. Rd7 Rd8 31. Rxd8+ Nxd8 32. Bh3 Kg8 33. h5 Kf7 34. Bb6 Nc6 35. a4 Ke7 36. a5 fxg3 37. fxg3 e4 38. fxe4 Bd4+ 39. Bxd4 Nxd4 40. exd5 Kd6 41. a6 Nb5 42. Bc8 Kxd5 43. Bb7+ Kd4 44. Bc6 Na7 45. Be4 Ke3 46. Kh2 Nb5 47. Kh3 Kd4 48. Kg4 Ke5 49. Kf3 Na7 50. Ke3 Nb5 51. d4+ Kd6 52. Kf4 Na7 53. Kf5 Ke7 54. Kg6 Kf8 55. g4 Nc8 56. d5 Ne7+ 57. Kh7 Nc8 58. Bf5 Na7 59. d6 Kf7 60. d7 Ke7 61. Kxg7 Nc6 62. Kxh6 Nb8 63. Kg5 Nxa6 64. h6 Nc5 65. h7 Ne6+ 66. Bxe6 1-0

[Event "Titled Tuesday intern op 5th May"]
[Site "Chess.com INT"]
[Date "2020.05.05"]
[Round "7"]
[White "Li, Hui"]
[Black "Christensen, Thomas"]
[Result "1-0"]
[WhiteElo "1985"]
[BlackElo "2197"]
[PlyCount "83"]
[EventDate "2020.05.05"]
[EventType "swiss (blitz)"]
[EventRounds "10"]
[EventCountry "USA"]
[SourceTitle "EXT 2021"]
[Source "ChessBase"]
[SourceDate "2020.10.23"]
[SourceVersion "1"]
[SourceVersionDate "2020.10.23"]
[SourceQuality "1"]

1. e4 e5 2. Nf3 d5 3. exd5 e4 4. Ne5 Qxd5 5. d4 exd3 6. Nxd3 Bd6 7. Nc3 Qf5 8. Be2 Nf6 9. 0-0 a6 10. Bf3 Nc6 11. Re1+ Be6 12. Ne4 0-0 13. Nxd6 cxd6 14. Nf4 Rad8 15. Nxe6 fxe6 16. c3 Ne5 17. Bxb7 d5 18. Bxa6 Ne4 19. f3 Ng5 20. f4 Ng4 21. Be2 Nxh2 22. Kxh2 Ne4 23. Bg4 Qg6 24. Qf3 Rf6 25. Qh3 Rdf8 26. Be3 Qf7 27. Qf3 Rh6+ 28. Kg1 Rg6 29. Bh3 Qf6 30. Rf1 Rg3 31. Qh5 g6 32. Qe5 Qh4 33. Bxe6+ Rf7 34. Bxf7+ Kxf7 35. Qxd5+ Kg7 36. Qe5+ Kh6 37. Qxe4 Qg4 38. f5+ g5 39. Qxg4 Rxg4 40. f6 Rf4 41. Bxf4 gxf4 42. Rxf4 1-0

[Event "Titled Tuesday intern op 28th Apr"]
[Site "Chess.com INT"]
[Date "2020.04.28"]
[Round "8"]
[White "Christensen, Thomas"]
[Black "Banawa, Jake Carlos"]
[Result "0-1"]
[WhiteElo "2197"]
[BlackElo "2309"]
[PlyCount "60"]
[EventDate "2020.04.28"]
[EventType "swiss (blitz)"]
[EventRounds "10"]
[EventCountry "USA"]
[SourceTitle "EXT 2021"]
[Source "ChessBase"]
[SourceDate "2020.10.23"]
[SourceVersion "1"]
[SourceVersionDate "2020.10.23"]
[SourceQuality "1"]

1. d4 Nf6 2. Nc3 d5 3. e4 Nxe4 4. Nxe4 dxe4 5. Bc4 c6 6. c3 Nd7 7. f3 e3 8. Bxe3 Nf6 9. Ne2 Bf5 10. Ng3 Bg6 11. 0-0 e6 12. f4 Nd5 13. Bd2 Bd6 14. Qf3 Qc7 15. f5 Bxg3 16. fxg6 Bxh2+ 17. Kf2 fxg6 18. Ke2 0-0-0 19. Qh3 Kb8 20. Rf3 Bd6 21. Raf1 e5 22. Rf7 Qb6 23. Rxg7 exd4 24. Bxd5 cxd5 25. Rff7 Rde8+ 26. Kd1 dxc3 27. Bxc3 Qg1+ 28. Kd2 Qe1+ 29. Kc2 Re2+ 30. Kb3 Qd1# 0-1

[Event "Titled Tuesday intern op 28th Apr"]
[Site "Chess.com INT"]
[Date "2020.04.28"]
[Round "1"]
[White "Christensen, Thomas"]
[Black "Muha, Sergey"]
[Result "0-1"]
[WhiteElo "2197"]
[BlackElo "2222"]
[PlyCount "42"]
[EventDate "2020.04.28"]
[EventType "swiss (blitz)"]
[EventRounds "10"]
[EventCountry "USA"]
[SourceTitle "EXT 2021"]
[Source "ChessBase"]
[SourceDate "2020.10.23"]
[SourceVersion "1"]
[SourceVersionDate "2020.10.23"]
[SourceQuality "1"]

1. d4 Nf6 2. Nc3 d5 3. e4 dxe4 4. f3 exf3 5. Nxf3 Bf5 6. Ne5 e6 7. Qf3 c6 8. g4 Qxd4 9. gxf5 Qxe5+ 10. Be3 Qxf5 11. Qxf5 exf5 12. 0-0-0 Bb4 13. Bd4 Nbd7 14. Re1+ Kd8 15. Bc4 Rf8 16. a3 Bd6 17. Rd1 Kc7 18. Be3 f4 19. Bf2 Bc5 20. Bh4 Ne5 21. Bxf6 gxf6 0-1

[Event "Titled Tuesday intern op 28th Apr"]
[Site "Chess.com INT"]
[Date "2020.04.28"]
[Round "4"]
[White "Christensen, Thomas"]
[Black "Szabo, Marcell"]
[Result "1-0"]
[WhiteElo "2197"]
[BlackElo "1895"]
[PlyCount "59"]
[EventDate "2020.04.28"]
[EventType "swiss (blitz)"]
[EventRounds "10"]
[EventCountry "USA"]
[SourceTitle "EXT 2021"]
[Source "ChessBase"]
[SourceDate "2020.10.23"]
[SourceVersion "1"]
[SourceVersionDate "2020.10.23"]
[SourceQuality "1"]

1. d4 Nf6 2. Nc3 d5 3. e4 Nxe4 4. Nxe4 dxe4 5. Bc4 g6 6. c3 Bg7 7. f3 e3 8. Bxe3 0-0 9. Ne2 Nc6 10. 0-0 e6 11. Qe1 Ne7 12. Ng3 Bd7 13. Ne4 Nf5 14. Bg5 f6 15. Bf4 Re8 16. g4 Ne7 17. Qg3 Rc8 18. g5 Nf5 19. Qh3 Bc6 20. Nxf6+ Bxf6 21. gxf6 Qxf6 22. Be5 Qg5+ 23. Kh1 Bd5 24. Bxd5 exd5 25. Rg1 Ng3+ 26. Rxg3 Qd2 27. Rag1 Kf7 28. Qxh7+ Ke6 29. Rxg6+ Kf5 30. Rf6# 1-0

[Event "Titled Tuesday intern op 21st April"]
[Site "Chess.com INT"]
[Date "2020.04.21"]
[Round "2"]
[White "Christensen, Thomas"]
[Black "Shuvalova, Polina"]
[Result "1/2-1/2"]
[WhiteElo "2197"]
[BlackElo "2454"]
[PlyCount "148"]
[EventDate "2020.04.21"]
[EventType "swiss (blitz)"]
[EventRounds "10"]
[EventCountry "USA"]
[SourceTitle "EXT 2021"]
[Source "ChessBase"]
[SourceDate "2020.10.23"]
[SourceVersion "1"]
[SourceVersionDate "2020.10.23"]
[SourceQuality "1"]

1. d4 Nf6 2. Nc3 d5 3. e4 dxe4 4. f3 exf3 5. Nxf3 e6 6. Bd3 Nc6 7. a3 Be7 8. Be3 0-0 9. 0-0 Ng4 10. Bd2 Nxd4 11. Qe1 Qd6 12. Qg3 Qxg3 13. hxg3 c5 14. Nxd4 cxd4 15. Nb5 e5 16. Rae1 Rd8 17. Bc4 Be6 18. Bxe6 fxe6 19. Nc7 Rac8 20. Nxe6 Rd6 21. Ng5 Rxc2 22. Ne4 Rdc6 23. Bb4 Bxb4 24. axb4 Rxb2 25. Nc5 Rxb4 26. Nd7 h6 27. Rf8+ Kh7 28. Rd8 Rd6 29. Nf8+ Kg8 30. Rxd6 Kxf8 31. Rf1+ Kg8 32. Rd8+ Kh7 33. Rdf8 Ne3 34. R1f2 Rb1+ 35. Kh2 Ng4+ 36. Kh3 Nxf2+ 37. Rxf2 h5 38. Kh4 Kh6 39. g4 g5+ 40. Kg3 h4+ 41. Kf3 Re1 42. Rc2 Re3+ 43. Kf2 Re4 44. Rc7 Rf4+ 45. Ke2 Rxg4 46. Re7 Rxg2+ 47. Kf3 Rg3+ 48. Ke4 Re3+ 49. Kf5 Rf3+ 50. Ke4 Rf4+ 51. Kxe5 Kh5 52. Rxb7 Kg4 53. Rxa7 h3 54. Rh7 Kg3 55. Rg7 g4 56. Rc7 h2 57. Rc1 Rf2 58. Rb1 Kg2 59. Kxd4 Rf1 60. Rb2+ Rf2 61. Rb1 h1Q 62. Rb3 Rf3 63. Rb2+ Kg3 64. Rd2 Qe1 65. Rb2 Qe3+ 66. Kc4 Rf4+ 67. Kd5 Qd3+ 68. Ke5 Qc3+ 69. Ke6 Qxb2 70. Ke7 Qe2+ 71. Kd6 Rd4+ 72. Kc5 Rd1 73. Kb4 Qc2 74. Ka3 Rb1 1/2-1/2

[Event "Titled Tuesday intern op 21st April"]
[Site "Chess.com INT"]
[Date "2020.04.21"]
[Round "8"]
[White "Prydun, Andriy"]
[Black "Christensen, Thomas"]
[Result "1-0"]
[WhiteElo "2254"]
[BlackElo "2197"]
[PlyCount "53"]
[EventDate "2020.04.21"]
[EventType "swiss (blitz)"]
[EventRounds "10"]
[EventCountry "USA"]
[SourceTitle "EXT 2021"]
[Source "ChessBase"]
[SourceDate "2020.10.23"]
[SourceVersion "1"]
[SourceVersionDate "2020.10.23"]
[SourceQuality "1"]

1. d4 Nc6 2. Nc3 e5 3. d5 Nce7 4. e4 Ng6 5. Be3 Bb4 6. Nge2 d6 7. Qd3 N8e7 8. Qb5+ Bd7 9. Qxb4 0-0 10. Ng3 f5 11. exf5 Nxf5 12. Nxf5 Bxf5 13. Bd3 Bxd3 14. cxd3 Nh4 15. 0-0 Ng6 16. Rac1 Nf4 17. Bxf4 Rxf4 18. Ne4 b6 19. Rc2 h5 20. Rfc1 Rc8 21. Qxd6 Qh4 22. Qe6+ Kh7 23. Qxc8 Rg4 24. g3 Qh3 25. Rxc7 h4 26. Nf6+ Kg6 27. Qxg4+ 1-0

[Event "Titled Tuesday intern op 14th April"]
[Site "Chess.com INT"]
[Date "2020.04.14"]
[Round "3"]
[White "Christensen, Thomas"]
[Black "Kulkarni, Rakesh"]
[Result "0-1"]
[WhiteElo "2197"]
[BlackElo "2321"]
[PlyCount "82"]
[EventDate "2020.04.14"]
[EventType "swiss (blitz)"]
[EventRounds "10"]
[EventCountry "USA"]
[SourceTitle "EXT 2021"]
[Source "ChessBase"]
[SourceDate "2020.10.23"]
[SourceVersion "1"]
[SourceVersionDate "2020.10.23"]
[SourceQuality "1"]

1. d4 Nf6 2. Nc3 d5 3. e4 dxe4 4. f3 e3 5. Bxe3 e6 6. Bd3 Nc6 7. a3 Bd6 8. Nge2 0-0 9. 0-0 Nd5 10. Nxd5 exd5 11. f4 Re8 12. Qd2 Bg4 13. Ng3 Qe7 14. Rae1 Rad8 15. Qf2 a6 16. h3 Bc8 17. f5 Qh4 18. Nh1 Qxf2+ 19. Nxf2 b5 20. c3 Na5 21. Ng4 Nc4 22. Bxc4 bxc4 23. Bg5 f6 24. Rxe8+ Rxe8 25. Bxf6 gxf6 26. Nxf6+ Kf7 27. Nxe8 Kxe8 28. g4 Kf7 29. Kg2 Kf6 30. Kf3 h6 31. h4 Bd7 32. Re1 h5 33. Rf1 c5 34. g5+ Kxf5 35. Ke3+ Ke6 36. g6 Ke7 37. g7 Be6 38. Rf8 cxd4+ 39. cxd4 Kd7 40. g8Q Bxg8 41. Rxg8 Be7 0-1

[Event "Titled Tuesday intern op 14th April"]
[Site "Chess.com INT"]
[Date "2020.04.14"]
[Round "5"]
[White "Daurelle, Herve"]
[Black "Christensen, Thomas"]
[Result "0-1"]
[WhiteElo "2205"]
[BlackElo "2197"]
[PlyCount "68"]
[EventDate "2020.04.14"]
[EventType "swiss (blitz)"]
[EventRounds "10"]
[EventCountry "USA"]
[SourceTitle "EXT 2021"]
[Source "ChessBase"]
[SourceDate "2020.10.23"]
[SourceVersion "1"]
[SourceVersionDate "2020.10.23"]
[SourceQuality "1"]

1. e4 e5 2. Nf3 d5 3. exd5 e4 4. Qe2 Nf6 5. d3 Qxd5 6. Bg5 Bb4+ 7. c3 0-0 8. dxe4 Nxe4 9. Be3 Bc5 10. Nbd2 Nxd2 11. Qxd2 Qxd2+ 12. Kxd2 Bxe3+ 13. Kxe3 Nc6 14. Bd3 Re8+ 15. Kd2 Bg4 16. Rae1 Rxe1 17. Rxe1 Rd8 18. Kc2 Bxf3 19. gxf3 Kf8 20. Be4 Rd6 21. Rd1 Rxd1 22. Kxd1 Nd8 23. a4 b6 24. b4 Ke7 25. Kc2 Ne6 26. Kb3 h6 27. Kc4 a6 28. a5 b5+ 29. Kd5 Kd7 30. Bf5 c6+ 31. Ke5 f6+ 32. Ke4 Kd6 33. Bxe6 Kxe6 34. f4 g6 0-1

[Event "Titled Tuesday intern op 3rd March"]
[Site "Chess.com INT"]
[Date "2020.03.03"]
[Round "7"]
[White "Christensen, Thomas"]
[Black "Kanyamarala, Trisha"]
[Result "1-0"]
[WhiteElo "2197"]
[BlackElo "2223"]
[PlyCount "55"]
[EventDate "2020.03.03"]
[EventType "swiss (blitz)"]
[EventRounds "10"]
[EventCountry "USA"]
[SourceTitle "EXT 2021"]
[Source "ChessBase"]
[SourceDate "2020.10.23"]
[SourceVersion "1"]
[SourceVersionDate "2020.10.23"]
[SourceQuality "1"]

1. Nc3 e5 2. e4 Nf6 3. f4 d6 4. Nf3 Nc6 5. d4 exd4 6. Nxd4 g6 7. Nxc6 bxc6 8. Bd3 Bg7 9. 0-0 0-0 10. Qe1 Re8 11. Qh4 c5 12. f5 Nd7 13. Bg5 f6 14. fxg6 hxg6 15. Bh6 c6 16. Bc4+ Kf8 17. Rf3 f5 18. Bg5 Nf6 19. exf5 gxf5 20. Raf1 Re5 21. g4 d5 22. Bd3 c4 23. Bxf5 Qb6+ 24. Kh1 Bxf5 25. Rxf5 Rxf5 26. Rxf5 Re8 27. Bxf6 Re1+ 28. Qxe1 1-0

[Event "Titled Tuesday intern op1 3rd March  "]
[Site "Chess.com INT"]
[Date "2020.03.03"]
[Round "7"]
[White "Niedbala, Bartlomiej"]
[Black "Christensen, Thomas"]
[Result "1-0"]
[WhiteElo "2381"]
[BlackElo "2197"]
[PlyCount "71"]
[EventDate "2020.03.03"]
[EventType "swiss (blitz)"]
[EventRounds "10"]
[EventCountry "USA"]
[SourceTitle "EXT 2021"]
[Source "ChessBase"]
[SourceDate "2020.10.23"]
[SourceVersion "1"]
[SourceVersionDate "2020.10.23"]
[SourceQuality "1"]

1. d4 Nc6 2. d5 Ne5 3. e4 Ng6 4. f4 e5 5. dxe6 fxe6 6. Nf3 Bc5 7. h4 Nf6 8. h5 Ne7 9. Bd3 Ng4 10. Rf1 Ne3 11. Bxe3 Bxe3 12. Ne5 Nc6 13. Qf3 Bb6 14. Nxc6 bxc6 15. Nd2 0-0 16. 0-0-0 d6 17. g4 Qe7 18. Qg3 Bd7 19. g5 e5 20. f5 h6 21. gxh6 Qf6 22. Bc4+ Kh7 23. Qg6+ Qxg6 24. hxg6+ Kxh6 25. Nf3 Kh5 26. Be2 Be3+ 27. Kb1 Bc8 28. Rh1+ Kg4 29. Rh4+ Kg3 30. Rdh1 Bxf5 31. exf5 Rxf5 32. R1h3+ Kf2 33. Rh2+ Kg3 34. R4h3+ Kf4 35. Rg2 e4 36. Rh4# 1-0

[Event "Titled Tuesday intern op1 4th Febr"]
[Site "Chess.com INT"]
[Date "2020.02.04"]
[Round "5"]
[White "Christensen, Thomas"]
[Black "Arnold, Ken"]
[Result "0-1"]
[WhiteElo "2197"]
[BlackElo "2403"]
[PlyCount "56"]
[EventDate "2020.02.04"]
[EventType "swiss (blitz)"]
[EventRounds "10"]
[EventCountry "USA"]
[SourceTitle "EXT 2021"]
[Source "ChessBase"]
[SourceDate "2020.10.23"]
[SourceVersion "1"]
[SourceVersionDate "2020.10.23"]
[SourceQuality "1"]

1. d4 Nf6 2. Nc3 e6 3. e4 Bb4 4. e5 Nd5 5. Bd2 Nxc3 6. bxc3 Be7 7. Bd3 d6 8. f4 g6 9. Nf3 Bd7 10. 0-0 Bc6 11. Qe1 Nd7 12. c4 d5 13. cxd5 Bxd5 14. c4 Bxf3 15. Rxf3 Nb6 16. Be3 c5 17. dxc5 Qxd3 18. cxb6 axb6 19. Bxb6 Qxc4 20. Rb3 0-0 21. Kh1 Rxa2 22. Rc3 Rxa1 23. Qxa1 Qxf4 24. Rf3 Qb4 25. Be3 Rd8 26. Qf1 Qa4 27. Qe2 Qd1+ 28. Qxd1 Rxd1+ 0-1

[Event "Titled Tuesday intern op1 4th Febr"]
[Site "Chess.com INT"]
[Date "2020.02.04"]
[Round "6"]
[White "Toczek, Grzegorz"]
[Black "Christensen, Thomas"]
[Result "0-1"]
[WhiteElo "2271"]
[BlackElo "2197"]
[PlyCount "62"]
[EventDate "2020.02.04"]
[EventType "swiss (blitz)"]
[EventRounds "10"]
[EventCountry "USA"]
[SourceTitle "EXT 2021"]
[Source "ChessBase"]
[SourceDate "2020.10.23"]
[SourceVersion "1"]
[SourceVersionDate "2020.10.23"]
[SourceQuality "1"]

1. e4 e5 2. Nf3 d5 3. Nxe5 Bd6 4. d4 dxe4 5. Bc4 Bxe5 6. Qh5 Qe7 7. dxe5 g6 8. Qg5 Nc6 9. Qxe7+ Ngxe7 10. Bf4 h6 11. h4 Nd4 12. Na3 Be6 13. 0-0-0 Bxc4 14. Rxd4 Be6 15. Re1 Nc6 16. Rd2 Bf5 17. Nb5 Rc8 18. e6 fxe6 19. Nxc7+ Kf7 20. Nb5 Kf6 21. Nd6 Rcd8 22. Nxe4+ Bxe4 23. Rxe4 Rxd2 24. Bxd2 g5 25. Bc3+ e5 26. hxg5+ hxg5 27. b3 Kf5 28. f3 Rh1+ 29. Kb2 Rf1 30. Rg4 Rf2 31. a4 Re2 0-1